=LDR 00000nam 2200000 4500 =001 INLIS000000000024024 =005 20130612122633 =008 ***********************************Ind** =035 ##$$0010-061300000024024 =041 ##$$a Ind =082 ##$$a 344.01 =090 ##$$a 344.01, Jum h =100 ##$$a Jumialji, Ex =245 ##$$a HImpunan peraturan perundang-undangan , Ex. Jumalji =260 ##$$a 1993 $b Bandung =300 ##$$a 197 hlm, 21 cm =650 ##$$a Hukum perburuhan =850 ##$$a NBPNMAT